000
00314nam a2200121Ia 4500
008
241028s9999 xx 000 0 und d
041
_a
eng
082
_a
331.702 ALI
100
_a
Dummies
245
_a
Career Development All-In-One For Dummies
260
_b
Wiley India
_a
New Delhi
_c
2017
300
_a
650;. P. 23 cm
999
_c
43086
_d
43086